|
|
|
|
| LEADER |
00000cam a2200000 c 4500 |
| 001 |
1815042427 |
| 003 |
DE-627 |
| 005 |
20251226203632.0 |
| 007 |
tu |
| 008 |
220818s2023 xxu||||| 00| ||eng c |
| 010 |
|
|
|a 2022036840
|
| 020 |
|
|
|a 9780262545495
|c paperback
|9 978-0-262-54549-5
|
| 035 |
|
|
|a (DE-627)1815042427
|
| 035 |
|
|
|a (DE-599)KXP1815042427
|
| 040 |
|
|
|a DE-627
|b ger
|c DE-627
|e rda
|
| 041 |
|
|
|a eng
|
| 044 |
|
|
|c XD-US
|
| 050 |
|
0 |
|a HV8665
|
| 082 |
0 |
|
|a 365
|q DLC
|2 23/eng/20220822
|
| 100 |
1 |
|
|a Kaun, Anne
|d 1983-
|e VerfasserIn
|0 (DE-588)1041902034
|0 (DE-627)767920252
|0 (DE-576)251092410
|4 aut
|
| 109 |
|
|
|a Kaun, Anne 1983-
|
| 245 |
1 |
0 |
|a Prison media
|b incarceration and the infrastructures of work and technology
|c Anne Kaun and Fredrik Stiernstedt
|
| 264 |
|
1 |
|a Cambridge, Massachusetts
|a London
|b The MIT Press
|c [2023]
|
| 300 |
|
|
|a x, 193 Seiten
|b Illustrationen
|
| 336 |
|
|
|a Text
|b txt
|2 rdacontent
|
| 337 |
|
|
|a ohne Hilfsmittel zu benutzen
|b n
|2 rdamedia
|
| 338 |
|
|
|a Band
|b nc
|2 rdacarrier
|
| 490 |
0 |
|
|a Distribution matters
|
| 520 |
|
|
|a "Prison Media argues that prisons and prison work have been essential to the development of media infrastructures and distribution and to our understanding of how power and authority operate"-- Provided by publisher
|
| 650 |
|
0 |
|a Prisons
|
| 650 |
|
0 |
|a Power (Social sciences)
|
| 650 |
|
0 |
|a Authority
|
| 650 |
|
0 |
|a Mass Media
|
| 650 |
|
0 |
|a Prisons
|0 http://id.loc.gov/authorities/subjects/sh85106996
|2 DLC
|
| 650 |
|
0 |
|a Power (Social sciences)
|0 http://id.loc.gov/authorities/subjects/sh85105976
|2 DLC
|
| 650 |
|
0 |
|a Authority
|0 http://id.loc.gov/authorities/subjects/sh85009789
|2 DLC
|
| 650 |
|
0 |
|a Mass Media
|0 http://id.loc.gov/authorities/subjects/sh85081863
|2 DLC
|
| 700 |
1 |
|
|8 1\p
|a Stiernstedt, Fredrik
|d 1981-
|e VerfasserIn
|0 (DE-588)1330597486
|0 (DE-627)1889755656
|4 aut
|
| 776 |
1 |
|
|z 9780262374330
|c epub
|
| 776 |
1 |
|
|z 9780262374347
|c pdf
|
| 856 |
4 |
2 |
|u https://swbplus.bsz-bw.de/bsz1815042427inh.htm
|m V:DE-576
|m B:DE-Frei85
|v 20230623193013
|3 Inhaltsverzeichnis
|7 1
|
| 883 |
|
|
|8 1\p
|a cgwrk
|d 20241001
|q DE-101
|u https://d-nb.info/provenance/plan#cgwrk
|
| 935 |
|
|
|a mkri
|
| 951 |
|
|
|a BO
|
| ELC |
|
|
|b 1
|
| LOK |
|
|
|0 000 xxxxxcx a22 zn 4500
|
| LOK |
|
|
|0 001 4307228596
|
| LOK |
|
|
|0 003 DE-627
|
| LOK |
|
|
|0 004 1815042427
|
| LOK |
|
|
|0 005 20230614155258
|
| LOK |
|
|
|0 008 230411||||||||||||||||ger|||||||
|
| LOK |
|
|
|0 040
|a DE-Frei85
|c DE-627
|d DE-Frei85
|
| LOK |
|
|
|0 852
|a DE-Frei85
|
| LOK |
|
|
|0 852 1
|m p
|9 00
|
| LOK |
|
|
|0 938
|k p
|
| LOK |
|
|
|0 939
|a 11-04-23
|b l01
|
| ORI |
|
|
|a SA-MARC-krimdoka001.raw
|
| PDA |
|
|
|a yes
|